Ley de bases generales de la administración del estado, concordada, comentada e interpretada. Probidad administrativa

Uloženo v:
Podrobná bibliografie
Hlavní autor: Ojalvo Clavería, Raúl (autor)
Médium: Kniha
Jazyk:španělština
Vydáno: Santiago Diario Oficial de la Repúbliica de Chile 2006
Témata:
Tagy: Přidat tag
Žádné tagy, Buďte první, kdo vytvoří štítek k tomuto záznamu!

MARC

LEADER 00000nam a2200000 a 4500
001 UCI5217
003 CL-VaPUC
008 080314e20060000CL |||||||||||||||||spa|d
082 0 4 |a 342.068  |b OJA  |2 21 
100 |a Ojalvo Clavería, Raúl  |e autor  |9 527391 
245 1 0 |a Ley de bases generales de la administración del estado, concordada, comentada e interpretada. Probidad administrativa 
300 |a 314 p 
942 |c BK 
945 |d 20080314 00:00:00  |a jtorresc 
260 |a Santiago  |b Diario Oficial de la Repúbliica de Chile  |c 2006 
650 0 |a Derecho administrativo  |9 254851 
650 0 |a Probidad administrativa  |9 383889 
650 7 |a LEGALIDAD ADMINISTRATIVA  |2 CL-VaPUC  |9 527392 
650 7 |a RESPONSABILIDAD CIVIL  |2 CL-VaPUC  |9 527393 
650 0 |a Jurisdicción  |9 255090 
583 |a last modification  |c 20080314 00:00:00  |k Rodrigo Vera 
999 |c 328980  |d 328978 
952 |0 0  |1 0  |4 0  |6 342_068000000000000_OJA_2006  |7 0  |8 A  |9 413209  |a BIBDER  |b BIBDER  |d 2019-11-22  |i 4415752  |o 342.068 OJA 2006  |p 4415752  |r 2023-01-25  |w 2019-11-22  |y BK  |k DER